[Event "EU Amateur-ch"]
[Site "Kaunas"]
[Date "2015.08.12"]
[Round "5"]
[White "Silkaitis, Laimis"]
[Black "Dainauskas, Juozas"]
[Result "1/2-1/2"]
[WhiteElo "1464"]
[BlackElo "1947"]
[PlyCount "41"]
[EventDate "2015.08.09"]
[EventType "swiss"]
[EventRounds "9"]
[EventCountry "LTU"]
[SourceTitle "CBM 167 Extra"]
[Source "ChessBase"]
[SourceDate "2015.09.14"]
[SourceVersion "1"]
[SourceVersionDate "2015.09.14"]
[SourceQuality "1"]

1. d4 Nf6 2. c4 e6 3. Nf3 Bb4+ 4. Nbd2 0-0 5. a3 Bxd2+ 6. Qxd2 a5 7. b3 b6 8. e3 Bb7 9. Be2 d6 10. 0-0 Qe7 11. Bb2 Nbd7 12. Rfd1 Ne4 13. Qc2 f5 14. Bd3 Ndf6 15. Rac1 Qf7 16. Qe2 Qg6 17. g3 Qh6 18. Nd2 Nxd2 19. Rxd2 Ne4 20. Bxe4 fxe4 21. Qg4 1/2-1/2

[Event "Palanga op"]
[Site "Palanga"]
[Date "2015.06.19"]
[Round "8"]
[White "Silkaitis, Laimis"]
[Black "Lazaravicius, Aras Jonas"]
[Result "0-1"]
[WhiteElo "1415"]
[BlackElo "1774"]
[PlyCount "138"]
[EventDate "2015.06.15"]
[EventType "swiss"]
[EventRounds "9"]
[EventCountry "LTU"]
[SourceTitle "CBM 167 Extra"]
[Source "ChessBase"]
[SourceDate "2015.09.14"]
[SourceVersion "1"]
[SourceVersionDate "2015.09.14"]
[SourceQuality "1"]

1. d4 Nf6 2. c4 e6 3. Nf3 b6 4. g3 Bb7 5. Bg2 Be7 6. 0-0 0-0 7. Nc3 d6 8. Qc2 Nbd7 9. b3 c5 10. e3 Rc8 11. dxc5 Nxc5 12. Bb2 a6 13. Qe2 Qc7 14. Rfd1 Rfd8 15. Rac1 Nce4 16. Nxe4 Bxe4 17. Nd4 Bxg2 18. Kxg2 Nd7 19. Nf3 Qb7 20. Kg1 h6 21. Nd4 Bf6 22. Ba1 Kf8 23. Qf3 Qxf3 24. Nxf3 Bxa1 25. Rxa1 Nf6 26. Rac1 Ke7 27. Kg2 Rc7 28. Rc2 b5 29. Rdc1 Rdc8 30. Nd4 bxc4 31. bxc4 g6 32. Nb3 Nd7 33. Kf1 Nc5 34. Nxc5 Rxc5 35. Ke2 Ra5 36. Kd2 Kd7 37. Rb1 Rac5 38. Rbc1 Rb8 39. Kc3 Ke7 40. Kd3 Kf6 41. h3 Rh5 42. h4 Rc5 43. Ke2 Kf5 44. Rc3 Rbc8 45. R3c2 Kg4 46. e4 d5 47. exd5 exd5 48. Rd1 dxc4 49. Rd7 R8c7 50. Rd6 a5 51. Rd4+ Kf5 52. a4 Ke5 53. Rd1 Rd5 54. Rdc1 Kd4 55. Rd1+ Ke5 56. Rdc1 Rdc5 57. Ke3 R5c6 58. Rc3 Kd5 59. Rd1+ Kc5 60. Rb1 Re6+ 61. Kf3 Kd4 62. Rcc1 c3 63. Rb5 c2 64. Rb2 Kd3 65. Ra2 Kd2 66. Raa1 Rc3+ 67. Kg2 Rb6 68. Kg1 Rbb3 69. Kg2 Rb1 0-1

[Event "Palanga op"]
[Site "Palanga"]
[Date "2015.06.15"]
[Round "1"]
[White "Gailiunaite, Saule"]
[Black "Silkaitis, Laimis"]
[Result "1/2-1/2"]
[WhiteElo "1788"]
[BlackElo "1415"]
[PlyCount "150"]
[EventDate "2015.06.15"]
[EventType "swiss"]
[EventRounds "9"]
[EventCountry "LTU"]
[SourceTitle "CBM 167 Extra"]
[Source "ChessBase"]
[SourceDate "2015.09.14"]
[SourceVersion "1"]
[SourceVersionDate "2015.09.14"]
[SourceQuality "1"]

1. d4 d5 2. c4 e6 3. Nc3 Nf6 4. cxd5 exd5 5. Bg5 c6 6. e3 Be7 7. Bd3 Nbd7 8. Qc2 0-0 9. Nf3 Re8 10. 0-0 Nf8 11. h3 Be6 12. Rab1 a5 13. a3 N6d7 14. Bxe7 Qxe7 15. b4 axb4 16. axb4 Nb6 17. b5 c5 18. dxc5 Qxc5 19. Rfc1 Rec8 20. Ng5 h6 21. Nxe6 fxe6 22. Qd2 Qe7 23. Ne2 Qd7 24. Nd4 Rxc1+ 25. Rxc1 Rc8 26. Nf3 Rc7 27. Ne5 Qc8 28. Rxc7 Qxc7 29. Ng6 Nxg6 30. Bxg6 Nc4 31. Qa2 Qc8 32. Bb1 Nd6 33. Bd3 Kf7 34. Qe2 Kg8 35. e4 dxe4 36. Bc2 Qc5 37. Bb3 Qxb5 38. Bxe6+ Kh8 39. Qa2 Qe8 40. Qd5 Qe7 41. Bg4 e3 42. fxe3 Qxe3+ 43. Kh1 Qc1+ 44. Bd1 Qc6 45. Qe6 Nc4 46. Qf7 Qc8 47. Bg4 Nd6 48. Bxc8 Nxf7 49. Bxb7 g6 50. Kg1 Kg7 51. Kf2 Kf6 52. Kf3 Nd6 53. Ba6 Nf7 54. Kf4 Nd6 55. Bd3 Nf7 56. Bc2 Nd6 57. Bb3 Nb7 58. Bd5 Nd6 59. Bc6 Nf7 60. Ke4 Ng5+ 61. Kd5 Nf7 62. Bb5 Ng5 63. Kd6 Nf7+ 64. Kd7 Ng5 65. Ke8 Kg7 66. Bc4 Ne4 67. Ke7 Ng5 68. Bd5 Nh7 69. Bc4 Ng5 70. Bd5 Nh7 71. h4 Nf6 72. Be6 Nh7 73. g4 Nf8 74. h5 gxh5 75. gxh5 Ng6+ 1/2-1/2